Cricket: Most Test Runs in Each Calendar Year - Statistics

General Stats
  • This quiz has been taken 68 times
    12 since last reset
  • The average score is 44 of 114
Answer Stats
Year Country Runs Average Answer % Correct
2008 SA 1656 72.00 Graeme Smith
91%
2024 ENG 1556 55.57 Joe Root
91%
2021 ENG 1708 61.00 Joe Root
91%
2016 ENG 1477 49.23 Joe Root
91%
2017 AUS 1305 76.76 Steve Smith
91%
2015 AUS 1474 73.70 Steve Smith
91%
2018 IND 1322 55.08 Virat Kohli
91%
2005 AUS 1544 67.13 Ricky Ponting
73%
2003 AUS 1503 100.20 Ricky Ponting
73%
2010 IND 1562 78.10 Sachin Tendulkar
73%
1999 IND 1088 68.00 Sachin Tendulkar
73%
2022 PAK 1184 69.64 Babar Azam
64%
1995 WI 1222 67.89 Brian Lara
64%
2000 PAK 1090 60.56 Inzamam-ul-Haq
64%
2014 SL 1493 71.09 Kumar Sangakkara
64%
2007 AUS 1601 59.29 Matthew Hayden
64%
2001 AUS 1391 63.22 Matthew Hayden
64%
2013 AUS 1093 47.52 Michael Clarke
64%
2012 AUS 1595 106.33 Michael Clarke
64%
1988 WI 867 51.00 Sir Viv Richards
64%
1976 WI 1710 90.00 Sir Viv Richards
64%
1983 IND 1310 46.79 Sunil Gavaskar
64%
1979 IND 1407 54.12 Sunil Gavaskar
64%
1978 IND 1099 91.58 Sunil Gavaskar
64%
1971 IND 918 83.45 Sunil Gavaskar
64%
1985 AUS 1099 64.65 Allan Border
55%
1982 ENG 1095 49.77 Lord Ian Botham
55%
2019 AUS 1104 64.94 Marnus Labuschagne
55%
1948 AUS 1025 113.89 Sir Donald Bradman
55%
1946 AUS 421 210.50 Sir Donald Bradman
55%
1937 AUS 690 138.00 Sir Donald Bradman
55%
1934 AUS 758 94.75 Sir Donald Bradman
55%
1932 AUS 402 402.00 Sir Donald Bradman
55%
1931 AUS 950 105.56 Sir Donald Bradman
55%
1930 AUS 978 122.25 Sir Donald Bradman
55%
1966 WI 895 99.44 Sir Garfield Sobers
55%
1960 WI 864 78.55 Sir Garfield Sobers
55%
1958 WI 1299 144.33 Sir Garfield Sobers
55%
1991 ENG 1040 65.00 Graham Gooch
45%
1990 ENG 1264 79.00 Graham Gooch
45%
2006 PAK 1788 99.33 Mohammad Yousuf
45%
2011 IND 1145 57.25 Rahul Dravid
45%
1997 SL 1271 66.89 Sanath Jayasuriya
45%
2025 IND 983 70.21 Shubman Gill
45%
1984 WI 1179 58.95 Sir Gordon Greenidge
45%
1964 AUS 1381 60.04 Bob Simpson
36%
1986 ENG 1059 44.13 David Gower
36%
1969 AUS 909 75.75 Doug Walters
36%
1980 AUS 953 59.56 Greg Chappell
36%
1977 AUS 736 40.89 Greg Chappell
36%
1975 AUS 982 61.38 Ian Chappell
36%
2002 ENG 1481 61.70 Michael Vaughan
36%
1981 ENG 975 40.63 Sir Geoffrey Boycott
36%
1926 ENG 486 81.00 Sir Jack Hobbs
36%
1924 ENG 527 75.29 Sir Jack Hobbs
36%
1920 ENG 250 62.50 Sir Jack Hobbs
36%
1914 ENG 338 67.60 Sir Jack Hobbs
36%
1912 ENG 832 64.00 Sir Jack Hobbs
36%
1951 ENG 903 64.50 Sir Len Hutton
36%
1949 ENG 800 66.67 Sir Len Hutton
36%
1939 ENG 728 72.80 Sir Len Hutton
36%
2023 AUS 1210 52.60 Usman Khawaja
36%
1998 ENG 1222 43.64 Alec Stewart
27%
1996 ENG 793 61.00 Alec Stewart
27%
2020 ENG 641 58.27 Ben Stokes
27%
1957 ENG 701 50.07 Colin Cowdrey
27%
1993 AUS 1241 62.05 David Boon
27%
1992 AUS 812 54.13 David Boon
27%
1954 ENG 830 55.33 Denis Compton
27%
1947 ENG 1159 82.79 Denis Compton
27%
1974 ENG 1379 68.95 Dennis Amiss
27%
1972 NZ 672 96.00 Glenn Turner
27%
1922 SA 197 98.50 Herbie Taylor
27%
1913 SA 186 46.50 Herbie Taylor
27%
1968 ENG 894 52.59 John Edrich
27%
2004 AUS 1481 54.85 Justin Langer
27%
1967 ENG 750 93.75 Ken Barrington
27%
1965 ENG 895 59.67 Ken Barrington
27%
1963 ENG 1015 53.42 Ken Barrington
27%
1961 ENG 1035 73.93 Ken Barrington
27%
1989 AUS 1219 64.16 Mark Taylor
27%
1994 ENG 1136 49.39 Michael Atherton
27%
1953 AUS 948 63.20 Neil Harvey
27%
1950 AUS 584 83.43 Neil Harvey
27%
1962 ENG 982 75.54 Ted Dexter
27%
1910 SA 862 66.31 Aubrey Faulkner
18%
1987 IND 875 87.50 Dilip Vengsarkar
18%
1927 ENG 271 90.33 Herbert Sutcliffe
18%
1925 ENG 560 80.00 Herbert Sutcliffe
18%
1955 WI 827 82.70 Sir Clyde Walcott
18%
2009 SL 1234 72.58 Thilan Samaraweera
18%
1952 IND 576 52.36 Vijay Hazare
18%
1938 ENG 666 74.00 Wally Hammond
18%
1936 ENG 645 161.25 Wally Hammond
18%
1933 ENG 934 103.78 Wally Hammond
18%
1929 ENG 702 78.00 Wally Hammond
18%
1928 ENG 879 67.62 Wally Hammond
18%
1908 AUS 359 51.29 Warwick Armstrong
18%
1970 AUS 530 58.89 Ian Redpath
9%
1973 ENG 1085 63.82 Keith Fletcher
9%
1911 AUS 583 72.88 Victor Trumper
9%
1904 AUS 388 48.50 Victor Trumper
9%
1901 ENG 116 116.00 Archie MacLaren
0%
1935 SA 579 52.64 Bruce Mitchell
0%
1907 ENG 221 44.20 Charles Fry
0%
1923 ENG 436 62.29 Charlie Russell
0%
1902 AUS 1060 55.79 Clement Hill
0%
1959 AUS 671 61.00 Colin McDonald
0%
1906 SA 437 54.36 Gordon White
0%
1921 ENG 730 56.15 Herbie Collins
0%
1956 ENG 491 49.10 Peter Richardson
0%
1903 ENG 306 153.00 Reginald Foster
0%
1905 ENG 492 70.29 Sir Stanley Jackson
0%
1909 AUS 396 39.60 Warren Bardsley
0%
No matching quizzes found
Score Distribution
Percent of People with Each Score
Percentile by Number Answered
Your Score History
You have not taken this quiz since the last reset